|
|
|
|
| LEADER |
00000nab a2200000 4500 |
| 001 |
vtls012145125 |
| 003 |
SK-MaSNL |
| 005 |
20260318124506.0 |
| 008 |
220801|2022 xo |||| || ||00 0|hun |
| 015 |
|
|
|a SNBRB2022/08
|
| 038 |
|
|
|a DSZK
|
| 040 |
|
|
|a DSZK
|b slo
|c DSZK
|e rda
|
| 041 |
0 |
|
|a hun
|
| 044 |
|
|
|a xo
|c SK
|
| 072 |
|
7 |
|a 821.511.1
|x Ugrofínske literatúry
|2 konspekt
|
| 080 |
|
|
|a 821.511.141-32
|2 2011
|
| 100 |
1 |
|
|a Bogyó, Noémi,
|d 1970-
|4 aut
|9 448251
|
| 245 |
1 |
0 |
|a #Házibuli (részletek)
|c Bogyó Noémi; foto: Kristína Vavrová, Robert Urbančok
|
| 300 |
|
|
|b Fotografie
|
| 336 |
|
|
|a text
|b txt
|2 rdacontent
|
| 337 |
|
|
|a bez média
|b n
|2 rdamedia
|
| 338 |
|
|
|a zväzok
|b nc
|2 rdacarrier
|
| 650 |
0 |
7 |
|a novela
|2 SNKPH
|9 1443
|
| 651 |
|
7 |
|a Bratislava (Slovensko)
|2 SNKPHgeo
|9 14568
|
| 655 |
|
7 |
|a maďarské prózy
|2 SNKPH
|9 70733
|
| 700 |
1 |
|
|a Vavrová, Kristína
|4 pht
|9 529506
|
| 700 |
1 |
|
|a Urbančok, Robert
|4 pht
|9 1111811
|
| 773 |
0 |
|
|t Irodalmi Szemle
|g Évf. LXV, sz. 6 (2022), o. 52-69
|x 1336-5088
|
| 958 |
|
|
|a HU
|
| 958 |
|
|
|a SK
|
| 958 |
|
|
|a LX
|
| 999 |
|
|
|c 2552811
|d 2554741
|